Admiralty manual of seamanship : vol. 1 (Record no. 9146)

000 -LEADER
fixed length control field 00405nam a2200157Ia 4500
008 - FIXED-LENGTH DATA ELEMENTS--GENERAL INFORMATION
fixed length control field 200103s 1964 ||||xx |||||||||||||| ||und||
082 ## - DEWEY DECIMAL CLASSIFICATION NUMBER
Classification number 623.88
Item number HMS
110 ## - MAIN ENTRY--CORPORATE NAME
Corporate name or jurisdiction name as entry element ADMIRALTY
245 #0 - TITLE STATEMENT
Title Admiralty manual of seamanship : vol. 1
260 ## - PUBLICATION, DISTRIBUTION, ETC. (IMPRINT)
Name of publisher, distributor, etc HMSO
Date of publication, distribution, etc 1964
Place of publication, distribution, etc London
300 ## - PHYSICAL DESCRIPTION
Extent x, 494pgs.
650 ## - SUBJECT ADDED ENTRY--TOPICAL TERM
Topical term or geographic name as entry element Rigging
650 ## - SUBJECT ADDED ENTRY--TOPICAL TERM
Topical term or geographic name as entry element Rop and it's usage
650 ## - SUBJECT ADDED ENTRY--TOPICAL TERM
Topical term or geographic name as entry element Naval communications
942 ## - ADDED ENTRY ELEMENTS (KOHA)
Item type Books
Holdings
Withdrawn status Lost status Source of classification or shelving scheme Damaged status Not for loan Collection code Permanent location Current location Shelving location Date acquired Full call number Barcode Date last seen Koha item type Public note
          Non-fiction IMU-MPC Library IMU-MPC Library General Stacks 2020-01-08 623.88 HMS LBS3797 2024-04-12 Books Column - 45
          Non-fiction IMU-MPC Library IMU-MPC Library General Stacks 2020-01-08 623.88 HMS LBS6796 2025-03-17 Books Column - 45
          Non-fiction IMU-MPC Library IMU-MPC Library General Stacks 2020-01-08 623.88 HMS LBS3909 2025-03-17 Books Column - 45
          Non-fiction IMU-MPC Library IMU-MPC Library General Stacks 2020-01-08 623.88 HMS LBS6151 2025-03-17 Books Column - 45
          Non-fiction IMU-MPC Library IMU-MPC Library General Stacks 2020-01-08 623.88 HMS LBS6885 2025-03-17 Books Column - 45
          Non-fiction IMU-MPC Library IMU-MPC Library General Stacks 2020-01-08 623.88 HMS LBS3391 2025-03-17 Books Column - 45
          Non-fiction IMU-MPC Library IMU-MPC Library General Stacks 2020-01-08 623.88 HMS LBS3387 2025-03-17 Books Column - 45
Copyright © 2021 Indian Maritime University, Mumbai Port Campus. All Rights Reserved. Managed & Maintained by Central Library, IMU-Mumbai

webs counters

Powered by Koha